Naked or covered : (Record no. 151883)

MARC details
000 -LEADER
fixed length control field 00643nam a22001937a 4500
005 - DATE AND TIME OF LATEST TRANSACTION
control field 20180504112120.0
010 ## - LCCN (DPL NO)
LC control number ENG-122884
020 ## - INTERNATIONAL STANDARD BOOK NUMBER
International Standard Book Number 9789386702708
Terms of availability 499.00
035 ## - SYSTEM CONTROL NUMBER
System control number EN-106416
037 ## - SOURCE OF ACQUISITION
Source of stock number/acquisition DBAD/PUB
082 ## - DEWEY DECIMAL CLASSIFICATION NUMBER
Classification number 391.009
100 ## - MAIN ENTRY--PERSONAL NAME
Personal name Schipper, Mineke
245 ## - TITLE STATEMENT
Title Naked or covered :
Statement of responsibility, etc by Mineke Schipper
Remainder of title a history of dressing and undressing around the world /
260 ## - PUBLICATION, DISTRIBUTION, ETC. (IMPRINT)
Place of publication, distribution, etc New Delhi
Name of publisher, distributor, etc Speaking Tiger
Date of publication, distribution, etc 2017
270 ## - ADDRESS
Address 4381/4, Ansari Road, Daryaganj,
City New Delhi
Postal code 110002
300 ## - PHYSICAL DESCRIPTION
Extent 272p.
Dimensions 21cm(pbk)
Other physical details ill.
500 ## - GENERAL NOTE
General note It includes note, index and bibliography
942 ## - ADDED ENTRY ELEMENTS (KOHA)
Source of classification or shelving scheme Dewey Decimal Classification
Item type English Books
Call number suffix SCH
Classification part 391.009
Holdings
Withdrawn status Lost status Not for loan Collection code Home library Current library Date acquired Source of acquisition Cost, normal purchase price Full call number Barcode Copy number Cost, replacement price Koha item type
    Not For Loan Non-fiction D.B.Act.Division Patel Nagar 04/05/2018 DBAD/PUB 499.00 391.009 SCH EN-106416 1 499.00 English Books

© Delhi Public Library
Hit Counter
free hit counter